000 00426nam a22001697a 4500
003 OSt
008 250110b |||||||| |||| 00| 0 eng d
041 _aeng
082 _a624.1517 KAN/SU
100 _aKanetkar, TP
_96856
245 _aSurveying and Levelling Part11
250 _a23rd Reprint
260 _aPune:
_bPune Vidyarhi Griha Prakashan,
_c1945.
300 _a655p.
700 _aKulkarni, SV
_96916
942 _cBK
999 _c19008
_d19008